Online
Catalog

Pensamiento laico de José Martí / (Record no. 34213)

MARC details
000 -CABECERA
campo de control de longitud fija 00858nam a2200217 a 4500
001 - NÚMERO DE CONTROL
campo de control 000034722
005 - FECHA Y HORA DE LA ÚLTIMA TRANSACCIÓN
campo de control 20240306073910.0
008 - DATOS DE LONGITUD FIJA--INFORMACIÓN GENERAL
campo de control de longitud fija 111019s1956 cu 000 0 spa d
040 ## - FUENTE DE LA CATALOGACIÓN
Centro catalogador/agencia de origen DO-SdBNP
Lengua de catalogación spa
Centro/agencia transcriptor BNPHU
100 1# - ENTRADA PRINCIPAL--NOMBRE DE PERSONA
Nombre de persona Ponte Domínguez, Francisco J.,
Fechas asociadas al nombre 1906-
9 (RLIN) 60181
245 10 - MENCIÓN DE TÍTULO
Título Pensamiento laico de José Martí /
Mención de responsabilidad, etc. Francisco J. Ponte Domínguez ; prólogo de M. Isidro Méndez.
260 ## - PUBLICACIÓN, DISTRIBUCIÓN, ETC.
Lugar de publicación, distribución, etc. La Habana :
Nombre del editor, distribuidor, etc. "Modas Magazine",
Fecha de publicación, distribución, etc. 1956.
300 ## - DESCRIPCIÓN FÍSICA
Extensión 158 p. ;
Dimensiones 22 cm.
504 ## - NOTA DE BIBLIOGRAFÍA, ETC.
Nota de bibliografía, etc. Bibliografía: p. 147-151.
510 1# - NOTA DE CITAS O REFERENCIAS BIBLIOGRÁFICAS
Nombre de la fuente Índice onomástico: p. 153-159.
586 ## - NOTA DE PREMIOS
Nota de premios Primer Premio Certamen Literario del Ateneo Liberal Argentino, 1953.
590 ## - NOTA LOCAL (RLIN)
Nota local Perteneció a la biblioteca personal de Juan Isidro Jimenes Grullón
600 10 - PUNTO DE ACCESO ADICIONAL DE MATERIA--NOMBRE DE PERSONA
Nombre de persona Martí, José,
Fechas asociadas al nombre 1853-1895
9 (RLIN) 645
650 24 - PUNTO DE ACCESO ADICIONAL DE MATERIA--TÉRMINO DE MATERIA
Término de materia o nombre geográfico como elemento de entrada Ensayo cubano
9 (RLIN) 20853
700 1# - PUNTO DE ACCESO ADICIONAL--NOMBRE DE PERSONA
Nombre de persona Méndez, M. Isidro,
Término indicativo de función/relación pról.
9 (RLIN) 34744
Holdings
Estado de retiro Estado de pérdida Restricciones de uso No para préstamo Código de colección Localización permanente Ubicación/localización actual Ubicación en estantería Fecha de adquisición Número de inventario Total de préstamos Signatura topográfica completa Código de barras Fecha visto por última vez Precio válido a partir de Tipo de ítem Koha Nota pública
      Excluido de préstamo Raros y valiosos General General Depósito 19.10.2011 LF1   34722-10 25.06.2020 25.06.2020 No se presta Perteneció a la biblioteca personal de Juan Isidro Jiménes Grullón

Powered by Koha